00351nam a2200133Ia 4500008004100000041000800041082001700049100002200066245005400088250000600142260004900148300001100197650000900208210716s1995 xx 000 0 und d aeng a658.403 COUJ aCouger, J Daniel. aCreative problem solving and opportunity finding. a1 aBostonbBoyd and fraser publishing co.c1995 axi,468 aNone